000 00696cam a22002413a 4500
001 17625
003 PGUSA
005 20140828083357.0
008 060129s2006||||xxu|||||s|||||000 | eng d
040 _aPGUSA
_beng
042 _adc
050 4 _aTP
100 1 _aLuckiesh, Matthew,
_d1883-1967
245 1 0 _aArtificial Light :
_bIts Influence upon Civilization
_h[electronic resource] /
_cMatthew Luckiesh
260 _bProject Gutenberg,
_c2006
506 _aPublic domain in the USA.
516 _aElectronic text
653 _aElectric lighting
653 _aLighting -- History
830 0 _aProject Gutenberg
_v17625
856 4 0 _uhttp://www.gutenberg.org/ebooks/17625
942 _cEB
999 _c246880
_d246880